<?xml version="1.0" encoding="UTF-8"?>
<record
    xmlns:xsi="http://www.w3.org/2001/XMLSchema-instance"
    xsi:schemaLocation="http://www.loc.gov/MARC21/slim http://www.loc.gov/standards/marcxml/schema/MARC21slim.xsd"
    xmlns="http://www.loc.gov/MARC21/slim">

  <leader>01270nam a2200205 a 4500</leader>
  <controlfield tag="008">170223t2011    ag a|||g |||| 001 | spa d</controlfield>
  <datafield tag="020" ind1=" " ind2=" ">
    <subfield code="a">9789876042611</subfield>
  </datafield>
  <datafield tag="041" ind1=" " ind2=" ">
    <subfield code="a">spa</subfield>
  </datafield>
  <datafield tag="092" ind1=" " ind2=" ">
    <subfield code="c">982.72</subfield>
    <subfield code="l">55</subfield>
    <subfield code="s">NAR</subfield>
  </datafield>
  <datafield tag="100" ind1="1" ind2=" ">
    <subfield code="a">Narbona, Luis Alberto</subfield>
    <subfield code="e">Comp.</subfield>
    <subfield code="9">3292</subfield>
  </datafield>
  <datafield tag="245" ind1=" " ind2=" ">
    <subfield code="a">Challac&#xF3;.</subfield>
    <subfield code="b">Historia de voluntades /</subfield>
    <subfield code="c">Luis Alberto Narbona</subfield>
  </datafield>
  <datafield tag="250" ind1=" " ind2=" ">
    <subfield code="a">1a ed.</subfield>
    <subfield code="b">Correci&#xF3;n Liliana Falcone</subfield>
  </datafield>
  <datafield tag="260" ind1=" " ind2=" ">
    <subfield code="a">Neuqu&#xE9;n:</subfield>
    <subfield code="b">EDUCO;</subfield>
    <subfield code="c">2011.</subfield>
  </datafield>
  <datafield tag="300" ind1=" " ind2=" ">
    <subfield code="a">194 p.</subfield>
    <subfield code="b">16x23 cm</subfield>
  </datafield>
  <datafield tag="500" ind1=" " ind2=" ">
    <subfield code="a">Narbona, L. A. (2011). Challac&#xF3;. Historia de voluntades. (1a ed.). Neuqu&#xE9;n : EDUCO.</subfield>
  </datafield>
  <datafield tag="505" ind1=" " ind2=" ">
    <subfield code="a">La presente complicaci&#xF3;n tiene por objetivo dejar documentada referencias sobre las decisiones pol&#xED;ticas de la creaci&#xF3;n de la Universidad de Neuqu&#xE9;n, de la Facultad de Ingenier&#xED;a en Challac&#xF3;, las ideas que impulsaban las distintas acciones, el proceso de nacionalizaci&#xF3;n de la Universidad, la historia de movimiento estudiantil y su vinculaci&#xF3;n con el medio que interactuaba, an&#xE9;cdotas de vida cotidiana, los espacios de sociabilizaci&#xF3;n, las pr&#xE1;cticas y organizaci&#xF3;n deportiva; reflexiones y consecuencias sobre aquella experiencia educativa y profundamente humana.</subfield>
  </datafield>
  <datafield tag="590" ind1=" " ind2=" ">
    <subfield code="a"> Proyecto 4to libro.Donaci&#xF3;n EDUCO, Septiembre 2017.</subfield>
  </datafield>
  <datafield tag="655" ind1=" " ind2=" ">
    <subfield code="a">Historia regional</subfield>
    <subfield code="9">3273</subfield>
  </datafield>
  <datafield tag="942" ind1=" " ind2=" ">
    <subfield code="2">ddc</subfield>
    <subfield code="c">LIT</subfield>
  </datafield>
  <datafield tag="999" ind1=" " ind2=" ">
    <subfield code="c">2460</subfield>
    <subfield code="d">2460</subfield>
  </datafield>
  <datafield tag="952" ind1=" " ind2=" ">
    <subfield code="0">0</subfield>
    <subfield code="1">0</subfield>
    <subfield code="2">ddc</subfield>
    <subfield code="4">0</subfield>
    <subfield code="7">0</subfield>
    <subfield code="a">BFM</subfield>
    <subfield code="b">BFM</subfield>
    <subfield code="c">CR</subfield>
    <subfield code="d">2017-09-20</subfield>
    <subfield code="e">Proyecto 4to libro. Donaci&#xF3;n EDUCO, Septiembre 2017.</subfield>
    <subfield code="l">0</subfield>
    <subfield code="o">982.72 55 NAR</subfield>
    <subfield code="p">3920</subfield>
    <subfield code="r">2017-09-20</subfield>
    <subfield code="t">Ej. 1</subfield>
    <subfield code="w">2017-09-20</subfield>
    <subfield code="y">LIT</subfield>
    <subfield code="z">Proyecto 4to libro. Donaci&#xF3;n EDUCO, Septiembre 2017.</subfield>
  </datafield>
</record>
